| 000 | 01542cam a22003618a 4500 | ||
|---|---|---|---|
| 001 | 15945574 | ||
| 003 | OSt | ||
| 005 | 20150408114018.0 | ||
| 008 | 091009s2010 enk b 001 0 eng | ||
| 010 | _a 2009041777 | ||
| 020 | _a9780470519325 (pbk. : alk. paper) | ||
| 035 | _a(DNLM)101517143 | ||
| 040 |
_aDNLM/DLC _cDLC |
||
| 042 | _apcc | ||
| 050 | 0 | 0 |
_aR850 _b.H385 2010 |
| 060 | 1 | 0 |
_aW 84.3 _bH439 2010 |
| 082 | 0 | 0 |
_a610.72 _222 |
| 245 | 0 | 0 |
_aHealthcare research : _ba handbook for students and practitioners / _cPaula M. Roberts and Helena M. Priest (editors). |
| 260 |
_aChichester, West Sussex ; _aHoboken : _bJ. Wiley, _c2010. |
||
| 263 | _a1004 | ||
| 300 |
_ap. ; _ccm. |
||
| 504 | _aIncludes bibliographical references and index. | ||
| 520 | _a"The authors of the rest of this book will set out what we mean by quality in research in the different contexts in which research is done and from the different theoretical perspectives from which researchers work. I want only to point out here some of the very basic issues that underpin the rest. This book will help clinicians who want this grounding to understand what is going on in research papers"--Provided by publisher. | ||
| 650 | 0 |
_aMedicine _xResearch. _911285 |
|
| 650 | 0 |
_aMedical care _xResearch. _912175 |
|
| 650 | 0 |
_aNursing _xResearch. |
|
| 650 | 1 | 2 |
_aHealth Services Research. _912176 |
| 650 | 2 | 2 |
_aResearch Design. _911610 |
| 700 | 1 |
_aRoberts, Paula M. _912177 |
|
| 700 | 1 |
_aPriest, Helena. _912178 |
|
| 942 |
_2ddc _cBOOK |
||
| 999 |
_c21756 _d256256 |
||